Skład Liverpoolu w Premier League 2024/25 - Statystyki

Ogólne statystyki
  • Ten quiz został rozwiązany 59 razy
  • Średni wynik to 20 z 29
Statystyki odpowiedzi
Numer Zawodnik % Poprawnych
1 Alisson
98%
11 Mohamed Salah
98%
4 Virgil van Dijk
98%
9 Darwin Núñez
94%
10 Alexis Mac Allister
93%
66 Trent Alexander-Arnold
93%
8 Dominik Szoboszlai
91%
5 Ibrahima Konaté
91%
26 Andrew Robertson
89%
20 Diogo Jota
89%
7 Luis Diaz
89%
2 Joe Gomez
87%
18 Cody Gakpo
85%
38 Ryan Gravenberch
80%
3 Wataru Endo
80%
62 Caoimhin Kelleher
78%
17 Curtis Jones
76%
84 Conor Bradley
72%
21 Konstantinos Tsimikas
72%
19 Harvey Elliott
69%
78 Jarell Quansah
65%
56 Vitêzslav Jaroš
43%
50 Ben Doak
41%
43 Stefan Bajcetic
39%
80 Tyler Morton
26%
28 Fabio Carvalho
19%
47 Nathaniel Phillips
19%
46 Rhys Williams
15%
72 Sepp van den Berg
9%
Nie znaleziono quizów pasujących do podanych kryteriów
Rozkład punktacji
Procent ludzi z każdym wynikiem
Percentyl według liczby udzielonych odpowiedzi
Twoja historia wyników
Nie rozwiązałeś tego quizu